Statistics for Fast Food/Restaurant Slogans

Click here to take the quiz!

General Stats

  • This quiz has been taken 230 times
  • The average score is 11 of 20

Answer Stats

HintAnswer% Correct
I'm lovin' it!McDonalds
98%
Eat fresh.Subway
96%
Have it your way.Burger King
87%
Think outside the bun.Taco Bell
76%
Better ingredients. Better pizza.Papa John's
75%
Louisiana fast.Popeye's
71%
Eat mor chikin.Chick-Fil-A
66%
Now that's better.Wendy's
57%
Today tastes so good.KFC
53%
We speak fish.Long John Silver's
51%
You have 30 minutes.Domino's
47%
Make it great.Pizza Hut
46%
It's good mood food.Arby's
44%
This is how you _____Sonic
41%
Where the food's the star.Hardee's
40%
____ _______, yummmm!Red Robin
31%
Come hungry. Leave happy.IHOP
30%
See you tomorrow.Applebee's
21%
Something different.Dairy Queen
19%
More life happens here.Chili's
15%

Score Distribution

Percentile by Number Answered

Percent of People with Each Score

Your Score History

You have not taken this quiz